Statistiques concernant Echelle de mots super top

Cliquez ici pour prendre le quiz!

Statistiques générales

  • Ce quiz a été pris 587 fois
  • Le résultat moyen est 35 sur 62

Statistiques - réponses

HintDevRéponse% Correct
Instrument à vent enseigné en classes[5]Flûte
99%
Zut. On reprend. Instrument à vent[5]Flûte
99%
Lettre à ne jamais oublier-1U
77%
Mois du printempsMai
73%
Avant FaMi
72%
Bien mangé, bien ___-1Bu
71%
Irrationnel-1Pi
71%
Montre du doigt+1Pointe
70%
Pas deux ni trois+1Un
70%
Linked ___-1In
67%
Organe vendu sur le DarwebRein
67%
MamelleSein
67%
Instrument à corde
-1
Lute
66%
Personnage de Wii+1Mii
66%
Coup gagnant aux échecs-1Mat
65%
En bonne santé+1Sain
65%
Pays à faible PIB+1Mali
64%
Déforme la vérité+1Ment
64%
Mec qui harcèle les meufs+1Pointeur
64%
Dit bonjour et merciPoli
64%
Peut être Haut- ou Bas-Rhin
64%
MontreR du doigt (ff mental)+1Pointer
63%
Règlement Intérieur National-1RIN
62%
InstrumentS à vent+1Flûtes
61%
Être, passé simple, 2ème p. du pluriel-1Fûtes
61%
Un ami, un frère, un copain, un gars sûrPote
61%
AB, dans le quadrilatère ABCDCôté
59%
Décilitre de bièrePinte
59%
Ennemie jurée de Chipper, possède la Carte+13Dora l'Exploratrice
58%
Regarde les boules dans la rue-1Mate
57%
Here comes the ___ (The Beatles)Sun
57%
Marqués dans un match de handballButs
56%
Contenants à bière du WEI-1Fûts
56%
Raté (il était à 12h16)-1Bus
55%
Religieuse dans la natureMante
55%
Ca tourne sur une éoliennePâle
55%
Vanter, subjonctif présent, 3ème p. singulierVante
55%
Remporté à la belote-1Pli
54%
Position du premierPole
53%
Pour faire un cakeMoule
52%
Coup égalisant aux échecsPat
51%
___ un bras+1Coûte
50%
Dominant (si on parle de moi)Mâle
50%
Troc contre de l'argentVente
50%
Repas étudiant+1Pâte
49%
Passe la drogue à la douane-1Mule
48%
GalinacéPoule
48%
Morceau sur La fête est finieSan
48%
Attila+1Hun
47%
SOS - Rihanna en 25.5sLent
47%
Un bâteau qui marche pas bienCoule
46%
Bestiole dans les cheveux+1Lente
46%
Personne importante+1Ponte
46%
Une voiture qui marche bienRoule
45%
3€30 pour 6 points (bâtiment)RU
44%
Quartier en périphérie d'une ville-1Cité
39%
Se dit d'un allié qui troll sur LoL+1Int
39%
Homme arbreEnt
38%
Celle de la ZLAN est chez ÉtoilesCoupe
33%
Compliment qu'on m'a jamais donnéCute
27%
Soirée oubliée+1Cuite
23%
OS Linux orienté sécuritéKali
9%

Distribution des résultats

Percentile par nombre de réponses

% des personnes avec chaque résultat

Votre développement - résultats

Vous n’avez pas pris ce quiz